Sir Syed ka tasawar-e-saqafat / (Record no. 589114)

000 -LEADER
fixed length control field 00325nam a22001217a 4500
082 ## - DEWEY DECIMAL CLASSIFICATION NUMBER
Classification number 891.4394
Author Mark ISL
100 ## - MAIN ENTRY--PERSONAL NAME
Personal name Islahi, Abu Sufyan
245 ## - TITLE STATEMENT
Title Sir Syed ka tasawar-e-saqafat /
Statement of responsibility, etc. Abu Sufyan Islahi
260 ## - PUBLICATION, DISTRIBUTION, ETC.
Place of publication, distribution, etc. Karachi :
Name of publisher, distributor, etc. Academy Bazyaft,
Date of publication, distribution, etc. 2017.
300 ## - PHYSICAL DESCRIPTION
Extent 256p. ;
Dimensions 22 cm.
563 ## - BINDING INFORMATION
Binding note HBK.
942 ## - ADDED ENTRY ELEMENTS (KOHA)
Source of classification or shelving scheme
Koha item type Book
Holdings
Withdrawn status Lost status Source of classification or shelving scheme Damaged status Not for loan Permanent Location Current Location Shelving location Date acquired Source of acquisition Total Checkouts Full call number Barcode Date last seen Price effective from Koha item type
          Central Library (CL) Central Library (CL) Urdu Literature 04/12/2022 Donation   891.4394 ISL CL-D-1586 04/12/2022 04/12/2022 Book
© 2023 Central Library, National University of Sciences and Technology. All Rights Reserved.